PHILIPPINE AGRICULTURIST (Record no. 9441)

MARC details
000 -LEADER
fixed length control field 00475nam a2200145Ia 4500
022 ## - INTERNATIONAL STANDARD SERIAL NUMBER
ISSN 0031-7454
245 #0 - TITLE STATEMENT
Title PHILIPPINE AGRICULTURIST
260 ## - PUBLICATION, DISTRIBUTION, ETC. (IMPRINT)
Name of publisher College of Agriculture and Central Experiment Station, University of Philippines, Los Banos
Place of publication Philippine
310 ## - CURRENT PUBLICATION FREQUENCY
Current publication frequency Q
500 ## - GENERAL NOTE
General note Ending Volume & Year: 69, 1986
500 ## - GENERAL NOTE
General note Missing Volume: 61(7-8);63(4)
500 ## - GENERAL NOTE
General note Starting Volume & Year: 61, 1977-78
942 ## - ADDED ENTRY ELEMENTS (KOHA)
Koha item type Bound Journal
Holdings
Withdrawn status Lost status Damaged status Not for loan Home library Current library Date acquired Accession Number Koha item type
      Bound journals RRII Library RRII Library 31/12/2021 09386J Bound Journal